000 00444nam a2200145Ia 4500
008 100204s9999 xx 000 0 und d
082 _b12584
100 _aजोग ब. ना.
245 _aटिपू सुलतान
260 _b"आदित्य प्रकाशन, मुंबई"
_c1990
300 _a146
630 _aटिपू सुलतान
730 _aटिपू सुलतान
942 _cBOOK
999 _c457016
_d457013